书目信息 |
| 题名: |
装修电工实用技术手册
|
|
| 作者: | 方大千 , 占建华 编著 | |
| 分册: | ||
| 出版信息: | 北京 化学工业出版社 2015.05 |
|
| 页数: | 685页 | |
| 开本: | 21cm | |
| 丛书名: | ||
| 单 册: | ||
| 中图分类: | TU85-62 | |
| 科图分类: | ||
| 主题词: | 工程装修--gong cheng zhuang xiu--电工--技术手册 | |
| 电子资源: | ||
| ISBN: | 978-7-122-22597-9 | |
| 000 | 01026nam0 2200265 450 | |
| 001 | CAL 0120151542942 | |
| 005 | 20150822132707.35 | |
| 010 | @a978-7-122-22597-9@dCNY88.00 | |
| 100 | @a20150428d2015 em y0chiy50 ea | |
| 101 | 0 | @achi |
| 102 | @aCN@b110000 | |
| 105 | @aak a 000yy | |
| 106 | @ar | |
| 200 | 1 | @a装修电工实用技术手册@Azhuang xiu dian gong shi yong ji shu shou ce@f方大千, 占建华等编著 |
| 210 | @a北京@c化学工业出版社@d2015.05 | |
| 215 | @a685页@c图@d21cm | |
| 320 | @a有书目 | |
| 330 | @a本书主要内容包括: 电气照明识图, 住宅供电电路设计及材料预算, 住宅和公用设施照明设计, 预埋施工及导线连接, 布线施工工艺, 电气设备、灯具、家电及弱电系统的安装, 接地接零与防雷, 电气安装施工的监理、自查与验收, 住宅电气故障检修, 装修电工常用仪器和工具等。 | |
| 586 | @a | |
| 606 | 0 | @a工程装修@Agong cheng zhuang xiu@x电工@j技术手册 |
| 690 | @aTU85-62@v5 | |
| 701 | 0 | @a方大千@Afang da qian@4编著 |
| 701 | 0 | @a占建华@Azhan jian hua@4编著 |
| 801 | 0 | @aCN@c20150820 |
| 905 | @a河南城建学院图书馆@dTU85-62@eF190@f3 | |
| 装修电工实用技术手册/方大千, 占建华等编著.-北京:化学工业出版社,2015.05 |
| 685页:图;21cm |
| ISBN 978-7-122-22597-9:CNY88.00 |
| 本书主要内容包括: 电气照明识图, 住宅供电电路设计及材料预算, 住宅和公用设施照明设计, 预埋施工及导线连接, 布线施工工艺, 电气设备、灯具、家电及弱电系统的安装, 接地接零与防雷, 电气安装施工的监理、自查与验收, 住宅电气故障检修, 装修电工常用仪器和工具等。 |
| ● |
| 相关链接 |
|
|
|
正题名:装修电工实用技术手册
索取号:TU85-62/F190
 
预约/预借
| 序号 | 登录号 | 条形码 | 馆藏地/架位号 | 状态 | 备注 |
| 1 | 1168233 | 211682339 | 建筑库201/201建筑库 54排1列4层/ [索取号:TU85-62/F190] | 在馆 | |
| 2 | 1168234 | 211682348 | 建筑库201/201建筑库 54排1列4层/ [索取号:TU85-62/F190] | 在馆 | |
| 3 | 1168235 | 211682357 | 建筑库201/201建筑库 54排1列4层/ [索取号:TU85-62/F190] | 在馆 |